000
00224 a2200097 4500
001
12163
100
_a
Altaf Gauhar
245
_a
Ayub Khan: Fauji Raj Kay Pehlay Das Saal
260
_a
_b
Sang-e-Meel
_c
090
_c
9369
_d
9369
942
_a
NUST-CAE
_c
M
_c
36232
999
_c
247236
_d
247236